| 000 | 01261nam a22002297a 4500 | ||
|---|---|---|---|
| 008 | 240716t2024 xxk|||||o|||| 00| 0 eng d | ||
| 041 | _aeng | ||
| 110 | _aRoyal Institution of Chartered Surveyors | ||
| 245 |
_aRICS Home Survey Standard 2024 member questionnaire _h[Electronic resource] |
||
| 260 |
_aLondon, _bRoyal Institution of Chartered Surveyors, _cJuly 2024 |
||
| 490 | _aRICS Consultation | ||
| 520 | _aTo keep pace with the evolving residential sector in the UK the RICS are conducting a comprehensive review of the RICS Home survey standard. Established in 2019 and implemented in 2021. This member survey is designed to gather insights on how the standard can be improved and a consumer survey to learn about people's experiences with home surveys. Survey closes 31 July 2024. | ||
| 650 | _aHOME SURVEY STANDARD | ||
| 650 | _aHOME SURVEYS | ||
| 650 | _aRESIDENTIAL PROPERTY | ||
| 651 | _aUnited Kingdom | ||
| 690 |
_aSurvey reports _96270 |
||
| 710 | _aRoyal Institution of Chartered Surveyors | ||
| 856 |
_uhttps://www.surveymonkey.com/r/DNZ56LD _zView the Survey |
||
| 856 |
_uhttps://www.rics.org/profession-standards/knowledge-and-information-services _zArchived copy of the survey available from [email protected] |
||
| 942 | _n0 | ||
| 999 |
_c121971 _d121971 |
||